Girl's guide to starting your own business : (Record no. 3656)

MARC details
000 -LEADER
fixed length control field 00678nam a2200217 ar4500
001 - CONTROL NUMBER
control field 3658
005 - DATE AND TIME OF LATEST TRANSACTION
control field 20221127090802.0
008 - FIXED-LENGTH DATA ELEMENTS--GENERAL INFORMATION
fixed length control field 140114s xxu 00110 eng d
020 ## - INTERNATIONAL STANDARD BOOK NUMBER
International Standard Book Number 0060521589(pbk)
082 04 - DEWEY DECIMAL CLASSIFICATION NUMBER
Classification number 658.11
Item number F914 2003
100 1# - MAIN ENTRY--PERSONAL NAME
Personal name Friedman, Caitlin.
245 10 - TITLE STATEMENT
Title Girl's guide to starting your own business :
Remainder of title candid advice, frank talk ... /
Statement of responsibility, etc. C. Friedman, Kimberly Yorio.
250 ## - EDITION STATEMENT
Edition statement 1st ed.
260 ## - PUBLICATION, DISTRIBUTION, ETC.
Place of publication, distribution, etc. New York :
Name of publisher, distributor, etc. Harper Resource,
Date of publication, distribution, etc. 2003.
300 ## - PHYSICAL DESCRIPTION
Extent ix, 257 p. ;
Dimensions 20 cm.
500 ## - GENERAL NOTE
General note Includes idnex.
650 #4 - SUBJECT ADDED ENTRY--TOPICAL TERM
Topical term or geographic name entry element Businesswomen.
650 #4 - SUBJECT ADDED ENTRY--TOPICAL TERM
Topical term or geographic name entry element Executives
Geographic subdivision United States.
650 #4 - SUBJECT ADDED ENTRY--TOPICAL TERM
Topical term or geographic name entry element Personnel management.
700 0# - ADDED ENTRY--PERSONAL NAME
Personal name Yorio, Kimberly,
Relator term jt. auth.
Holdings
Withdrawn status Lost status Source of classification or shelving scheme Damaged status Not for loan Home library Current library Date acquired Total Checkouts Full call number Barcode Date last seen Copy number Price effective from Koha item type
              11/27/2022   658.11 F914 2003 1000000010062 11/27/2022 C1 11/27/2022 Book